Rast reklamného trhu sa spomalil

Spomalenie rast reklamného trhu v roku 2002. Reklamný trh narástol o 6,5 percent. Vývoj hlavných ukazovateľov reklamného trhu SR. Objem reklamy v médiách v rokoch 1998-2002. Televízia ťahala trh, rádiá bez väčších zmien. Stagnácia reklamy v tlačových médiách. Optimistické hodnotenie vývoja všetkých...

Description complète

Enregistré dans:
Détails bibliographiques
Auteur principal: Hapák, Pavel
Format: Chapitre de livre
Langue:slovaque
Sujets:
Tags: Ajouter un tag
Pas de tags, Soyez le premier à ajouter un tag!

MARC

LEADER 00000naa a2200000 4500
001 r048205
005 20230929113710.2
041 0 |a slo 
044 |a SK 
245 1 0 |a Rast reklamného trhu sa spomalil  |c Pavel Hapák 
520 |a Spomalenie rast reklamného trhu v roku 2002. Reklamný trh narástol o 6,5 percent. Vývoj hlavných ukazovateľov reklamného trhu SR. Objem reklamy v médiách v rokoch 1998-2002. Televízia ťahala trh, rádiá bez väčších zmien. Stagnácia reklamy v tlačových médiách. Optimistické hodnotenie vývoja všetkých foriem vonkajšej reklamy. Odhad vývoja reklamného trhu na Slovensku v roku 2003. 
610 2 0 |a reklama 
610 2 0 |a trhy 
610 2 0 |a reklama vonkajšia 
610 2 0 |a Slovensko 
610 2 0 |a 1998-2002 
100 1 |a Hapák, Pavel